01984nam a22002897a 4500001000400000003000400004005001700008008004100025020001800066040000800084041001300092082001700105100003000122240004700152245010200199250001100301260005000312300001100362520104700373650002501420650002801445650003901473650005501512655002101567700003701588830006901625428OSt20250624111310.0250624b |||||||g |||| 00| 0 eng d a9788504020267 bpor hengapor a158.1bC289c1 aCarnegie, Daled1888-1955 aHow to win friends and influence people /  aComo fazer amigos e influenciar pessoas /cCarnegie, Dale; Tradução de Fernando Tude de Souza a53 ed. aSão PaulobCompanhia Editora Nacionalc2016 a335 p. aVocê pode ir atrás do trabalho que mais deseja - e conseguir! Você pode transformar o seu trabalho atual em algo cada vez melhor! Você pode se ver diante de qualquer situação e revertê-la a seu favor. Os conselhos sólidos, de eficiência comprovada ao longo de décadas, de Dale Carnegie, fizeram com que inúmeras pessoas subissem as escadas em direção ao sucesso, tanto em sua vida profissional quanto pessoal. Um dos livros mais inovadores de todos os tempos, e que permanece completamente atual, Como fazer amigos e influenciar pessoas vai ensinar você: - Seis maneiras de fazer com que as pessoas gostem de você. - Doze maneiras de conquistar as pessoas para pensarem como você. - Nove maneiras de mudar as pessoas sem causar ressentimentos. ... e muito, muito mais! Alcance todo seu potencial com Como fazer amigos e influenciar pessoas. Uma leitura obrigatória para o século XXI. Mais de 50 milhões de cópias vendidas. Mais de 70 anos depois de seu lançamento, o original ainda é o melhor!  0aLiteratura Americana 0aDesenvolvimento Pessoal 0aLiderança e influência pessoal 0aDesenvolvimento profissional e sucesso no trabalho 0aNão Ficção aFernando Tude de SouzaeTRADUTOR aO Guia Clássico e definitivo para relacionar-se com as pessoas